| 000 | 01200naa a22003377a 4500 | ||
|---|---|---|---|
| 001 | BR8105164 | ||
| 003 | BR-BrBNA | ||
| 005 | 20240918174831.0 | ||
| 007 | ta | ||
| 008 | 230509b bl.||||| |||| 00| 0 por d | ||
| 040 |
_aBR-BrBNA _bpor _cBiblioteca Nacional de Agricultura |
||
| 041 | _a(Pt) | ||
| 072 |
_aP05; F00 _b0220 _b8961 _bG514 |
||
| 090 | _aP05 BR8105164 | ||
| 100 | 1 | _aFilgueiras, G. | |
| 111 | 1 |
_a2. Congresso Brasileiro de Energia _cRio de Janeiro, RJ (Brazil) _dApr 1981 |
|
| 245 | 1 | _aEtanol de beterraba nos estados do Sul do Brasil [recurso energetico, Santa Catarina, Rio Grande do Sul] | |
| 260 | 3 |
_aRio de Janeiro, RJ (Brasil): _c1981. |
|
| 500 | _aAnais do 2. Congresso Brasileiro de Energia Rio de Janeiro, RJ (Brasil): 1981. v. 2 p. 527-538 (BR8105164-AM)P05 | ||
| 650 | _aBETERRABA | ||
| 650 | _aVARIEDADE | ||
| 650 | _aANALISE QUIMICA | ||
| 650 | _aETANOL | ||
| 650 | _aALCOOL | ||
| 650 | _aCOMBUSTIVEL | ||
| 650 | _aSANTA CATARINA | ||
| 650 | _aRIO GRANDE DO SUL | ||
| 773 | 0 |
_tAnais do 2. Congresso Brasileiro de Energia _wP05 BR8105164 _gRio de Janeiro, RJ (Brasil), 1981. v. 2 p. 527-538 |
|
| 909 |
_a202404 _bLucia _c55 _dLucia Elande |
||
| 942 |
_cAM _2AGRIS |
||
| 999 |
_c313892 _d313892 |
||